Otis Redding Discography - Statistics

General Stats
  • This quiz has been taken 4 times
  • The average score is 5 of 37
Answer Stats
Type Year Name % Correct
Album 1965 Otis Blue/Otis Redding Sings Soul
100%
Compilation 1993 Otis! The Definitive Otis Redding
100%
Collaborative Album 1967 King & Queen
50%
Album 1964 Pain in My Heart
50%
Posthumous Album 1968 The Dock of the Bay
50%
Compilation 1987 The Dock of the Bay - The Definitive Collection
50%
Live Album 1993 Good to Me: Live at the Whisky a Go Go, Vol. 2
25%
Live Album 1967 Live in Europe
25%
Live Album 2009 Respect: Live 1967
25%
Album 1965 The Great Otis Redding Sings Soul Ballads
25%
Album 1966 Complete & Unbelievable: The Otis Redding Dictionary of Soul
0%
Compilation 1998 Dreams to Remember: The Otis Redding Anthology
0%
Collaborative Live Album 1970 Historic Performances Recorded at the Monterey International Pop Festival
0%
Live Album 1999 In Concert
0%
Live Album 1968 In Person at the Whisky a Go Go
0%
Live Album 2008 Live in London and Paris
0%
Compilation 2013 Lonely & Blue - The Deepest Soul of Otis Redding
0%
Posthumous Album 1969 Love Man
0%
Compilation 1998 Love Songs
0%
Live Album 1982 Recorded Live: Previously Unreleased Performances
0%
Compilation 1992 Remember Me
0%
Collaborative Compilation 1968 Soul as Sung by Otis Redding and Little Joe Curtis
0%
Compilation 2011 Soul Legend - The Best of Otis Redding
0%
Compilation 2006 Stax Profiles
0%
Posthumous Album 1970 Tell the Truth
0%
Compilation 1977 Ten Years Gone
0%
Compilation 1972 The Best of Otis Redding
0%
Compilation 2009 The Best: See & Hear, Otis Redding
0%
Compilation 2006 The Definitive Soul Collection
0%
Compilation 1967 The History of Otis Redding
0%
Posthumous Album 1968 The Immortal Otis Redding
0%
Compilation 1987 The Otis Redding Story
0%
Album 1966 The Soul Album
0%
Compilation 1986 The Ultimate Otis Redding
0%
Compilation 1995 The Very Best of Otis Redding
0%
Compilation 1992 The Very Best of Otis Redding, Vol. 1
0%
Compilation 2002 Very Best of Otis Redding
0%
No matching quizzes found
Score Distribution
Percent of People with Each Score
Percentile by Number Answered
Your Score History
You have not taken this quiz